000 00675cab a2200229 4500
001 WB3222-18
008 090401t1996 xxu||||| |||| 00| 0 eng d
035 _a(Sirsi) u20758
041 _aeng
245 _aLabour threat to EZ investment markets
260 _c1996
350 _a0
490 _aProperty Week
_v55(10) 6 June 1996, 10(1)
520 _aSt Quintin fears restriction of enterprise zones as investment markets by a future Labour government.
650 _aENTERPRISE ZONES
650 _aINVESTMENT MARKET
650 _aLABOUR PARTY
650 _aST QUINTIN
690 _aPROPERTY-PROPERTY FINANCE AND INVESTMENT
942 _n0
948 _c04/03/1997
999 _c13910
_d13910